000 01064nam a22003377a 4500
001 BR7901254
003 BR-BrBNA
005 20230928085944.0
007 ta
008 230509b bl.||||| |||| 00| 0 por d
040 _aBR-BrBNA
_bpor
_cBiblioteca Nacional de Agricultura
041 _a(Por)
072 _aL50
_b5300
_b3580
090 _ 5300 BR7901254
100 1 _aPorto, J.C.A.
110 1 _aUniversidade Federal de Minas Gerais, Belo Horizonte (Brasil). Escola de Veterinaria
_0Tese (Mestrado)
245 1 _aNiveis de frutose, acido citrico, sodio, potassio e ergotioneina no semen total de reprodutores suinos da raca yorkshire em diferentes idades
260 3 _aBelo Horizonte, MG (Brasil):
_c1978.
300 _a60 p.
500 _a8 illus.; Bibliography p. 53-60 (61 ref.); Summary (Por)
650 _aSuino
650 _aYorkshire
650 _aSemen
650 _aAnalise quimica
650 _aFrutose
650 _aAcido citrico
650 _aSodio
650 _aPotassio
909 _a202309
_bLucia
_c55
_dLucia Elande
942 _cBK
999 _c27172
_d27172